000 00811nam a2200241 i 4500
001 76462
003 BD-RjUL
005 20211209082840.0
008 191205r19701957enk b 001 1 eng u
035 _a(BD-RjUL) 76683
040 _aCCH
_dBD-RjUL
_beng
_cCCH
041 _aeng
082 0 0 _a801.95
_bWIL 1970
_221
100 1 _aWimsatt, William K.
_q(William Kurtz),
_d1907-1975.
_93208
245 1 0 _aLiterary criticism :
_ba short history /
_cWilliam K. Wimsatt & Cleanth Brooks
_nI :
_pClassical criticism
250 _aIndian Edition
260 _aCalcutta :
_boxford & IBH,
_cc1967 [r 1970].
300 _axviii , 755 p. ;
_c24 cm.
504 _aIncludes bibliographies and index.
650 0 _aLiterature
_xHistory and criticism.
_954345
700 1 _aBrooks, Cleanth,
_d1906-1994.
_9236194
942 _2ddc
_cBK
999 _c76462
_d76462